| 000 | 00525nam a2200181 a 4500 | ||
|---|---|---|---|
| 020 | _a0717200019 (hb) | ||
| 082 |
_a339.3 _bSMI |
||
| 100 | 1 |
_aSmith, Adam _949220 |
|
| 245 | 1 | _aAn Inquiry into the Nature and Causes of the Wealth of Nations | |
| 260 |
_aDanbury : _bGrober , _c1984 |
||
| 300 | _a564p. | ||
| 526 |
_a0 _b0 _c0 _d339_300000000000000_SMI |
||
| 650 |
_aClassical School of Economics _949713 |
||
| 650 |
_aMCE _9379 |
||
| 650 | 0 |
_aEconomics _91437 |
|
| 700 |
_aEliot, Charles, W. (ed.) _949714 |
||
| 942 |
_2ddc _cBK |
||
| 999 |
_c552489 _d552489 |
||